00864nam a22002417a 450000500170000001000130001702000100003003500130004003700160005304000120006908200130008110000260009424500780012026000280019827000600022630000210028650000200030765000420032765000550036994200220042499900190044695201570046520170124110102.0 aB-063218 c00.00 aB-063218 bCen Lib/Ret aDPLbEN a921bKHU aKhushwant Singh94831 aTruth, love and a little malice :cby Khushwant Singhban autobiography / aNew DelhibVikingc2002 bNew Delhia11 Community Centre, Panchsheel Parke110017 a423p. c20cm(Hb) aIncludes index  a Khushwant Singh, -- 1915-2014922488 aAuthors, Indic -- 20th century -- Biography927368 2ddccENh921mKHU c129779d129779 04104070aLbLd2015-07-07eCen Lib/Retg0.00l0o921 KHUpB-063218r2015-07-07 00:00:00t1v0.00w2015-07-07yENzW/d List No. 8132/22; dtd 20.2.2017